[Event "BAN-chT 1st League"]
[Site "Dhaka"]
[Date "2021.02.25"]
[Round "1.4"]
[White "Haque, Syed Monirul"]
[Black "Shawkat, Ali Sheikh"]
[Result "1/2-1/2"]
[WhiteElo "1932"]
[BlackElo "1832"]
[PlyCount "66"]
[EventDate "2021.02.25"]
[EventType "team-tourn"]
[EventRounds "11"]
[EventCountry "BAN"]
[SourceTitle "EXT 2022"]
[Source "ChessBase"]
[SourceDate "2021.10.06"]
[SourceVersion "1"]
[SourceVersionDate "2021.10.06"]
[SourceQuality "1"]
[WhiteTeam "Mir CC"]
[BlackTeam "Kasparov CC"]
[WhiteTeamCountry "BAN"]
[BlackTeamCountry "BAN"]

1. e4 e5 2. Bc4 Nc6 3. Nf3 d6 4. h3 h6 5. d3 Nf6 6. Nc3 Be7 7. 0-0 0-0 8. a3 a6 9. Be3 b5 10. Ba2 Nb8 11. Nh2 c6 12. f4 Nbd7 13. fxe5 Nxe5 14. Nf3 Bd7 15. Nxe5 dxe5 16. Qf3 Qc7 17. Rf2 Qd6 18. b4 Be6 19. Bc5 Qd7 20. Qe3 Bxa2 21. Nxa2 Qe6 22. Bxe7 Qxe7 23. Raf1 Nh7 24. c4 Ng5 25. Nc1 Ne6 26. Nb3 f6 27. Rc2 Qd7 28. Rfc1 Rfd8 29. Rc3 Nd4 30. cxb5 axb5 31. Na5 Ra6 32. Qf2 Rda8 33. Kh2 Kh7 1/2-1/2

[Event "BAN-chB 44th"]
[Site "Dhaka"]
[Date "2018.11.14"]
[Round "2"]
[White "Haque, Syed Monirul"]
[Black "Nayem, Haque"]
[Result "1/2-1/2"]
[WhiteElo "1919"]
[BlackElo "2074"]
[PlyCount "54"]
[EventDate "2018.11.13"]
[EventType "swiss"]
[EventRounds "9"]
[EventCountry "BAN"]
[SourceTitle "CBM 187 Extra"]
[Source "ChessBase"]
[SourceDate "2018.11.04"]
[SourceVersion "1"]
[SourceVersionDate "2018.11.04"]
[SourceQuality "1"]

1. Nf3 Nf6 2. g3 g6 3. Bg2 Bg7 4. 0-0 0-0 5. d4 d5 6. c3 c6 7. Re1 Bf5 8. Ne5 Nbd7 9. Nxd7 Qxd7 10. Nd2 Rad8 11. f3 Bh3 12. Bh1 h5 13. e4 dxe4 14. Nxe4 Nxe4 15. fxe4 c5 16. d5 Be5 17. Bh6 Rfe8 18. Qd2 f6 19. Bf4 Qd6 20. Bxe5 fxe5 21. c4 Rf8 22. Bg2 Bxg2 23. Kxg2 Rf6 24. Rf1 Rdf8 25. Qg5 Qb6 26. Rxf6 Rxf6 27. b3 Kg7 1/2-1/2